| 000 | 01427nam a2200253Ia 4500 | ||
|---|---|---|---|
| 008 | 0000001998 pr ad 0000000000mul00 | ||
| 090 | _aPPR00 R62r | ||
| 245 | 1 | 0 |
_aRodón _b: un nuevo amanecer _c/ curador Marilu Purcell ; traducción María Eugenia Hidalgo |
| 300 |
_a64 p. _c/ 30 cm. |
||
| 500 | _aIncluye cronología del artista \ Texto bilingue: español inglés \ Proyecto Ganador Programa Apoyos Concertados FGAA 2010 | ||
| 501 | _aEl hombre que pinta / Marta Traba Rodón : los laberintos, la imagén y el espejo / Manuel Alvarez Lezama El gran Rodón / Rafael Squirru | ||
| 505 | _aOBRAS : Alicia Alonso Vaslav Nijinsky Hongos silvestres Partir Alicia Alonso : en casa de terpsicore La matinée : desnudo con Paraguay Rómulo Betancourt : retrato de un presidente A Vincent van Gogh : luz de luna Juan Rulfo : Pedro Páramo Borges o el Aleph | ||
| 600 | 0 | 0 |
_aRODON, FRANCISCO, 1934/ _xTRABAJOS PICTORICOS |
| 650 | 1 | 4 | _aARTE CONTEMPORANEO PUERTORRIQUEÑO |
| 650 | 1 | 4 | _aARTISTAS PLASTICOS PUERTORRIQUEÑOS |
| 650 | 1 | 4 | _xCATALOGOS |
| 650 | 1 | 4 | _aPINTORES PUERTORRIQUEÑOS |
| 650 | 1 | 4 | _aPINTURA AL OLEO |
| 650 | 1 | 4 | _aPINTURA DE RETRATOS |
| 650 | 1 | 4 | _aPINTURA PUERTORRIQUEÑA |
| 650 | 1 | 4 | _aSERIGRAFIA |
| 700 | 1 | _aPurcell, Marilu \ Hidalgo, María Eugenia \ Traba, Marta, 1923 \ Alvarez Lezama, Manuel \ Squirru | |
| 999 |
_c12265 _d12265 |
||
| 260 |
_aPonce (Puerto Rico) : Museo de Arte de Ponce _c1998 |
||